<?xml version="1.0" encoding="UTF-8"?>
<collection xmlns="http://www.loc.gov/MARC21/slim">
<record>
  <controlfield tag="001">169372</controlfield>
  <controlfield tag="005">20260225105429.0</controlfield>
  <datafield tag="024" ind1="7" ind2=" ">
    <subfield code="2">doi</subfield>
    <subfield code="a">10.2807/1560-7917.ES.2025.30.44.2500254</subfield>
  </datafield>
  <datafield tag="024" ind1="8" ind2=" ">
    <subfield code="2">sideral</subfield>
    <subfield code="a">148271</subfield>
  </datafield>
  <datafield tag="037" ind1=" " ind2=" ">
    <subfield code="a">ART-2025-148271</subfield>
  </datafield>
  <datafield tag="041" ind1=" " ind2=" ">
    <subfield code="a">eng</subfield>
  </datafield>
  <datafield tag="100" ind1=" " ind2=" ">
    <subfield code="a">Pereira, Sara</subfield>
  </datafield>
  <datafield tag="245" ind1=" " ind2=" ">
    <subfield code="a">Hepatitis E virus screening in solid organ transplant recipients: prevalence and implications for implementation, Spain, 2021 to 2023</subfield>
  </datafield>
  <datafield tag="260" ind1=" " ind2=" ">
    <subfield code="c">2025</subfield>
  </datafield>
  <datafield tag="520" ind1="3" ind2=" ">
    <subfield code="a">INTRODUCTION: In solid organ transplant (SOT) recipients, hepatitis E virus (HEV) poses a complex clinical challenge, because there is a risk of developing persistent infection. Current European guidelines recommend the screening of HEV in SOT recipients because of the risk of unrecognised infection. Despite these recommendations, routine screening for HEV remains underutilised in clinical practice.

AIM: Our study aimed to determine the prevalence of HEV viraemia and to evaluate the clinical evolution of HEV infection in SOT.
METHODS: We performed a multicentre cross-sectional study including adult SOT recipients under follow-up in Spain. All patients were prospectively tested for HEV RNA in peripheral blood. Individuals with detectable viraemia were prospectively followed up every 3 months to evaluate viral persistence.

RESULTS: A total of 940 patients were included in the study. Five patients were infected, supposing a prevalence of HEV infection in Spanish SOT recipients of 0.53% (95% confidence interval: 0.23–1.24). Genotyping was successfully conducted in four cases, all identified as genotype 3. All patients were asymptomatic and had varied levels of liver enzyme elevations. At follow-up, three of the five patients remained HEC RNA-positive, consistent with chronic infection. Overall, the prevalence of chronic HEV infection in our study population was 0.32%.
                  
CONCLUSION: Our study highlights the need to establish periodic molecular HEV surveillance in SOT recipients.</subfield>
  </datafield>
  <datafield tag="506" ind1="0" ind2=" ">
    <subfield code="a">Access copy available to the general public</subfield>
    <subfield code="f">Unrestricted</subfield>
  </datafield>
  <datafield tag="536" ind1=" " ind2=" ">
    <subfield code="9">info:eu-repo/grantAgreement/ES/ISCIII-ERDF/IFI14-00007</subfield>
    <subfield code="9">info:eu-repo/grantAgreement/ES/ISCIII/PI22-01098</subfield>
  </datafield>
  <datafield tag="540" ind1=" " ind2=" ">
    <subfield code="9">info:eu-repo/semantics/openAccess</subfield>
    <subfield code="a">by</subfield>
    <subfield code="u">https://creativecommons.org/licenses/by/4.0/deed.es</subfield>
  </datafield>
  <datafield tag="655" ind1=" " ind2="4">
    <subfield code="a">info:eu-repo/semantics/article</subfield>
    <subfield code="v">info:eu-repo/semantics/publishedVersion</subfield>
  </datafield>
  <datafield tag="700" ind1=" " ind2=" ">
    <subfield code="a">Pérez-Rivilla, Alfredo</subfield>
  </datafield>
  <datafield tag="700" ind1=" " ind2=" ">
    <subfield code="a">Carracedo, Raquel</subfield>
  </datafield>
  <datafield tag="700" ind1=" " ind2=" ">
    <subfield code="a">López-López, Pedro</subfield>
  </datafield>
  <datafield tag="700" ind1=" " ind2=" ">
    <subfield code="a">Rodríguez-Iglesias, Manuel</subfield>
  </datafield>
  <datafield tag="700" ind1=" " ind2=" ">
    <subfield code="a">Benito, Rafael</subfield>
    <subfield code="0">(orcid)0000-0001-5134-1006</subfield>
  </datafield>
  <datafield tag="700" ind1=" " ind2=" ">
    <subfield code="a">Fuentes, Ana</subfield>
  </datafield>
  <datafield tag="700" ind1=" " ind2=" ">
    <subfield code="a">López-Ruz, Miguel Ángel</subfield>
  </datafield>
  <datafield tag="700" ind1=" " ind2=" ">
    <subfield code="a">Freyre-Carrillo, Carolina</subfield>
  </datafield>
  <datafield tag="700" ind1=" " ind2=" ">
    <subfield code="a">Del Valle Odero, María</subfield>
  </datafield>
  <datafield tag="700" ind1=" " ind2=" ">
    <subfield code="a">Parajó, Noelia</subfield>
  </datafield>
  <datafield tag="700" ind1=" " ind2=" ">
    <subfield code="a">García, Federico</subfield>
  </datafield>
  <datafield tag="700" ind1=" " ind2=" ">
    <subfield code="a">Rivero, Antonio</subfield>
  </datafield>
  <datafield tag="700" ind1=" " ind2=" ">
    <subfield code="a">Rivero-Juárez, Antonio</subfield>
  </datafield>
  <datafield tag="700" ind1=" " ind2=" ">
    <subfield code="a">Aguilera, Antonio</subfield>
  </datafield>
  <datafield tag="773" ind1=" " ind2=" ">
    <subfield code="g">30, 44 (2025), 8</subfield>
    <subfield code="p">Eurosurveillance</subfield>
    <subfield code="t">Eurosurveillance</subfield>
    <subfield code="x">1025-496X</subfield>
  </datafield>
  <datafield tag="856" ind1="4" ind2=" ">
    <subfield code="s">756350</subfield>
    <subfield code="u">http://zaguan.unizar.es/record/169372/files/texto_completo.pdf</subfield>
    <subfield code="y">Versión publicada</subfield>
  </datafield>
  <datafield tag="856" ind1="4" ind2=" ">
    <subfield code="s">3301551</subfield>
    <subfield code="u">http://zaguan.unizar.es/record/169372/files/texto_completo.jpg?subformat=icon</subfield>
    <subfield code="x">icon</subfield>
    <subfield code="y">Versión publicada</subfield>
  </datafield>
  <datafield tag="909" ind1="C" ind2="O">
    <subfield code="o">oai:zaguan.unizar.es:169372</subfield>
    <subfield code="p">articulos</subfield>
    <subfield code="p">driver</subfield>
  </datafield>
  <datafield tag="951" ind1=" " ind2=" ">
    <subfield code="a">2026-02-24-14:47:45</subfield>
  </datafield>
  <datafield tag="980" ind1=" " ind2=" ">
    <subfield code="a">ARTICLE</subfield>
  </datafield>
</record>
</collection>